Helicoptere DCS - Statistiques

Statistiques générales
  • Ce quiz a été pris 16 fois
  • Le résultat moyen est 4 sur 6
Statistiques - réponses
Hint Réponse % Correct
RU Mi-24P Hind
79%
RU KA-50
71%
FR SA-342 Gazelle
64%
USA AH-64D
57%
RU Mi-8MTV2
50%
USA UH-1H Huey
36%
Aucun quiz correspondant
Distribution des résultats
% des personnes avec chaque résultat
Percentile par nombre de réponses
Votre historique - résultats
Vous n’avez pas pris ce quiz